000 00317nam a2200109Ia 4500
005 20251222143229.0
008 251222s9999||||xx |||||||||||||| ||spa||
082 _a300.706.3/C76
245 0 _aI Seminario de Investigaciones Sociales en la AmazonĂ­a
264 _bConsejo Nacional de Ciencia y TecnologĂ­a
942 _cLIB
999 _c14128
_d14128